| 000 | 00358nam a2200133Ia 4500 | ||
|---|---|---|---|
| 008 | 240624s9999 xx 000 0 und d | ||
| 041 | _aeng | ||
| 082 | _a658 MIN | ||
| 100 | _aMINTZBERG HENRY | ||
| 245 | _aSIMPLY MANAGING WHAT MANAGERS DO AND CAN | ||
| 260 |
_c2013 _aOakland _bBerrett-Koehler Publishers |
||
| 300 | _aviii, 202 p.; 23 cm. | ||
| 365 |
_c _b38 |
||
| 999 |
_c31612 _d31612 |
||